| 000 | 01355nam a22002897a 4500 | ||
|---|---|---|---|
| 005 | 20110513152823.0 | ||
| 008 | 110513t xxu||||| |||| 00| 0 eng d | ||
| 010 | _aENG-102484 B-452317 | ||
| 020 |
_a9788190891813 _c1195.00 |
||
| 035 | _aEN-86017 B-452317 | ||
| 037 | _bDBAD/PUB | ||
| 040 |
_adpl _bEng |
||
| 082 | _a891.1 | ||
| 100 |
_925528 _aSharma, Sandhya |
||
| 245 |
_aLiterature, culture and history in Mughal north India, 1550-1800 / _cby Sandhya Sharma |
||
| 260 |
_aDelhi _bPrimus Books _c2011 |
||
| 270 |
_aVirat Bhavan, Mukherjee Nagar Commercial Complex _bDelhi _e110009 |
||
| 300 |
_ax, 241 p.,16 p. of plates : _c25cm (Hb) _bcol. ill |
||
| 500 | _aIncludes bibliographical references (p. [211]-232) and index. | ||
| 546 | _aIncludes verses in Braj and Sindhi (Sindhi in Devanagari); with English translation | ||
| 650 |
_928102 _aBraj poetry _xHistory and criticism. _y1500-1800 |
||
| 651 | _928100 | ||
| 700 | _928039 | ||
| 942 |
_2ddc _cEN _mSHA _h891.1 |
||
| 999 |
_c52453 _d52453 |
||